000 00272nam a22001217a 4500
003 SGT
082 _a616.07
_bH89S
100 _aSOOD, RAMNIK
245 _aHEMATOLOGY FOR STUDENTS & PRACTITIONERS
260 _aINDIA
_bJAYPEE PUB
_c1989
300 _a330
942 _2ddc
_cBK
999 _c18449
_d18449